Central Library OPAC University of Rajshahi

A history of astronomy / (Record no. 8242)

MARC details
000 -LEADER
fixed length control field 00839nam a22002657a 4500
001 - CONTROL NUMBER
control field 8242
003 - CONTROL NUMBER IDENTIFIER
rucl marc code BD-RjUL
005 - DATE AND TIME OF LATEST TRANSACTION
control field 20211208234541.0
008 - FIXED-LENGTH DATA ELEMENTS--GENERAL INFORMATION
fixed length control field 140118s1961 -uk||||| |||| 001 0 eng d
035 ## - SYSTEM CONTROL NUMBER
System control number (BD-RjUL)8287
040 ## - CATALOGING SOURCE
Language of cataloging eng
Transcribing agency BD-RjUL
Modifying agency BD-RjUL
041 ## - LANGUAGE CODE
Language code of text/sound track or separate title eng
082 04 - DEWEY DECIMAL CLASSIFICATION NUMBER
Edition number 20
Classification number 520
Author mark and year PAH 1961
100 1# - MAIN ENTRY--PERSONAL NAME
Personal name Pannekoek, Anton.
9 (RLIN) 25671
245 10 - TITLE STATEMENT
Title A history of astronomy /
Statement of responsibility, etc. Anton Pannekoek.
260 ## - PUBLICATION, DISTRIBUTION, ETC. (IMPRINT)
Place of publication, distribution, etc. London :
Name of publisher, distributor, etc. George allen & unwin ltd.,
Date of publication, distribution, etc. 1961.
300 ## - PHYSICAL DESCRIPTION
Pagination 521 p. :
Illustrations ill.;
Size 24 cm.
500 ## - GENERAL NOTE
General note Translation of De groei van ons wereldbeeld.
504 ## - BIBLIOGRAPHY, ETC. NOTE
Bibliography, etc includes index.
650 #0 - SUBJECT ADDED ENTRY--TOPICAL TERM
Topical term or geographic name as entry element Astronomy -- History.
9 (RLIN) 25672
Topical term or geographic name as entry element Sterrenkunde.
9 (RLIN) 25673
Topical term or geographic name as entry element Astronomy.
9 (RLIN) 25674
856 ## - ELECTRONIC LOCATION AND ACCESS
Uniform Resource Identifier <a href="http://www.worldcat.org/title/history-of-astronomy/oclc/1179286&referer=brief_results">http://www.worldcat.org/title/history-of-astronomy/oclc/1179286&referer=brief_results</a>
942 ## - ADDED ENTRY ELEMENTS (KOHA)
Source of classification or shelving scheme Dewey Decimal Classification
Koha item type Books
Holdings
Lost status Source of classification or shelving scheme Damaged status Not for loan Collection code Permanent Location Current Location Date acquired Source of acquisition Cost, normal purchase price Total Checkouts Full call number Date last seen Copy number Koha item type Shelving location
  Dewey Decimal Classification   Not For Loan Non-fiction Central Library, University of Rajshahi Central Library, University of Rajshahi 04/04/1984 Zeithlinger. 0.00   520 PAH 1961 18/01/2014 C-1 Books  
  Dewey Decimal Classification     Non-fiction Central Library, University of Rajshahi Central Library, University of Rajshahi 09/09/1987 Zeitlinger 65.00   520 PAH 1961 04/10/2016 C-2 Books